000 01258cam a22003617a 4500
003 CHAP
005 20220329142639.0
008 010920d2001 mx r 00110 spa d
010 _a86029
011 _a87001
035 _a97542
040 _cCHAP
090 _aTesis
100 0 0 _aRojas Moctezuma, Juan Luis
_999343
245 1 0 _aEfecto térmico de la actividad proteolítica del surimi de dos especies diferentes de pescado
_c/por Juan Luis Rojas Moctezuma
260 _aIrapuato, Gto. :
_bEl autor,
_c1996.
300 _a72 h. :
_bilus.
502 _aTesis (Ing. en Alimentos) -- Universidad de Guanajuato. Instituto de Ciencias Agrícolas
590 _aALEPH
_b10
_c20130110
_lUCH01
_h1447
590 _aBATCH-UPD
_b10
_c20130110
_lUCH01
_h0527
590 _aBATCH-UPD
_b10
_c20130410
_lUCH01
_h0206
590 _aBATCH-UPD
_b10
_c20130914
_lUCH01
_h1909
590 _aCONVERSION
_b10
_c20130109
_lUCH01
_h1348
650 1 4 _aPescado congelado.
_987465
650 1 4 _aPescado
_xConservación.
_987445
650 1 4 _aPescado
_xProcesado.
_987459
650 1 4 _aPescado
_xValor nutritivo.
_987462
650 1 4 _aSurimi.
_9110773
901 _aBK
905 _aAlejandra Carrasco M.
942 _cTESIS
949 _aTesis
_bBC
_cTES
_d975421
_eTS1
_h39633
_i97542
_sb
999 _c86029
_d86029